Programa de Formación Docente Pedagógica. Curso de Aprendizaje y Evaluación. (Registro nro. 740)
[ vista simple ]
| 000 -LEADER | |
|---|---|
| fixed length control field | 01009 am a2200289 a 4500 |
| 005 - FECHA ULTIMA MODIFICACION | |
| control field | 20240521085651.0 |
| 008 - CAMPO DE CONTROL (LIBRO) | |
| fixed length control field | 100917s1992||||ag d |||||||||||||spa d |
| 020 ## - INTERNATIONAL STANDARD BOOK NUMBER | |
| ISBN | 9507100237 |
| 041 ## - CODIGO DE IDIOMA | |
| Código de idioma del texto/pista de sonido o título separado | spa |
| 092 ## - SIGNATURA TOPOGRAFICA DEWEY LOCAL | |
| número de clasificación | 370.73 |
| libristica | 28 |
| sección | GAL |
| 100 1# - ENTRADA PRINCIPAL--NOMBRE PERSONAL | |
| Nombre personal | Galli, Amanda |
| Función | Coord. |
| 9 (RLIN) | 653 |
| 245 ## - TITULO PROPIAMENTE DICHO | |
| Título | Programa de Formación Docente Pedagógica. Curso de Aprendizaje y Evaluación. |
| Subtítulo y Título paralelo | Vol.2 El proceso de enseñanza y aprendizaje / |
| Mención de responsabilidad y remanente de la transcripción de la portada | Amanda Galli. |
| 250 ## - MENCION DE EDICION | |
| Mención de edición | 1a ed. |
| 260 ## - PIE DE IMPRENTA | |
| Lugar de publicación, distribución, etc | Buenos Aires: |
| Nombre de la editorial, distribuidor, etc | OPS/OMS; |
| Fecha de publicación | 1991. |
| 300 ## - DESCRIPCION FISICA | |
| Extension | 87 p. |
| 500 ## - NOTA GENERAL | |
| Nota general | Galli, A., Kancepolski, J. y Ferrante, A. (1991). Programa de Formación Docente Pedagógica. Curso de Aprendizaje y Evaluación. Vol.2 El proceso de enseñanza y aprendizaje. (1a ed.). Buenos Aires : OPS/OMS. |
| 653 ## - TÉRMINO INDIZADO - PALABRAS CLAVES | |
| Palabra clave | Formación docente |
| 653 ## - TÉRMINO INDIZADO - PALABRAS CLAVES | |
| Palabra clave | Aprendizaje |
| 653 ## - TÉRMINO INDIZADO - PALABRAS CLAVES | |
| Palabra clave | Evaluación |
| 700 1# - ENTRADAS SECUNDARIAS - NOMBRE PERSONAL | |
| Nombre personal | Kancepolski, Jorge. |
| 9 (RLIN) | 654 |
| 700 1# - ENTRADAS SECUNDARIAS - NOMBRE PERSONAL | |
| Nombre personal | Ferrante, Adela. |
| 9 (RLIN) | 655 |
| 930 ## - NUMERO DE INVENTARIO | |
| Número de inventario | 344 |
| 930 ## - NUMERO DE INVENTARIO | |
| Número de inventario | 351 |
| 930 ## - NUMERO DE INVENTARIO | |
| Número de inventario | 411 |
| 930 ## - NUMERO DE INVENTARIO | |
| Número de inventario | 2166 |
| 942 ## - ADDED ENTRY ELEMENTS (KOHA) | |
| Source of classification or shelving scheme | Dewey Decimal Classification |
| Item type | Libros |
| Estado de retiro | Existencia | Fuente de clasificación | Estado general | No para prestamo | Ubicación permanente | ubicación actual | Sala de ubicación | Fecha de adquisición | Total Checkouts | Número de clasificación | Código de barras | Date last seen | Número de ejemplar | Price effective from | Koha tipo de elemento (item) | Public note | Coded location qualifier | Date last borrowed |
|---|---|---|---|---|---|---|---|---|---|---|---|---|---|---|---|---|---|---|
| Dewey Decimal Classification | Biblioteca Medicina | Biblioteca Medicina | Circulación | 13/05/2011 | 370.73 28 GAL | 344 | 06/11/2014 | ej.1 | 13/05/2011 | Libros | Hemeroteca 2022 | |||||||
| Dewey Decimal Classification | Biblioteca Medicina | Biblioteca Medicina | Circulación | 13/05/2011 | 370.73 28 GAL | 351 | 06/11/2014 | ej.2 | 13/05/2011 | Libros | Hemeroteca 2022 | |||||||
| Dewey Decimal Classification | Biblioteca Medicina | Biblioteca Medicina | Circulación | 13/05/2011 | 1 | 370.73 28 GAL | 411 | 06/11/2014 | ej.3 | 13/05/2011 | Libros | Hemeroteca 2022 | 21/05/2013 | |||||
| Dewey Decimal Classification | Biblioteca Medicina | Biblioteca Medicina | Circulación | 13/05/2011 | 370.73 28 GAL | 2166 | 06/11/2014 | ej.4 | 13/05/2011 | Libros | Hemeroteca 2022 |